Sports Quiz

Random Sports or NFL Quiz

NFL: NFC West Rushing Leaders Quiz Stats

 Plays Quiz not verified by Sporcle

Challenge
Share
Tweet
Embed
Score 0/40 Timer 06:00
0 Plays Today
% Correct
Frank Gore
96%
Shaun Alexander
91.5%
Marshall Faulk
87.7%
Eric Dickerson
86.8%
Marshawn Lynch
86.6%
Steven Jackson
83.5%
Roger Craig
74.1%
J.D. Smith
73.7%
Sherman Smith
73.7%
Ricky Watters
67.1%
Garrison Hearst
63.9%
Ottis Anderson
61.1%
Curt Warner
60.4%
Russell Wilson
55.1%
Steve Young
50.2%
John Williams
47.1%
Chris Warren
44%
Wendell Tyler
26.8%
Kevan Barlow
26.6%
Joe Perry
26.6%
% Correct
Lawrence McCutcheon
24.2%
Maurice Morris
20.5%
Wayne Morris
20.5%
Stump Mitchell
18.5%
Terry Metcalf
16.6%
Jim Otis
13.7%
Hugh McElhenny
10.2%
Ken Willard
9.4%
Dick Bass
7.9%
John David Crow
7.4%
Cullen Bryant
6.8%
Ollie Matson
4.8%
Johnny Roland
3.7%
Charley Trippi
3.3%
Les Josephson
3.2%
Dan Doornink
3.1%
Earl Ferrell
2.8%
Tank Younger
2.3%
Dan Towler
2.1%
Johnny Strzykalski
1.2%

You're not logged in!

Compare scores with friends on all Sporcle quizzes.
OR
Log In

You Might Also Like...

Show Comments

Extras

Top Quizzes Today


Score Distribution

Your Account Isn't Verified!

In order to create a playlist on Sporcle, you need to verify the email address you used during registration. Go to your Sporcle Settings to finish the process.

Report this User

Report this user for behavior that violates our Community Guidelines.

Details: